| 000 | 00351nam a22001337a 4500 | ||
|---|---|---|---|
| 082 |
_a624.1834 _bMAR _cL-20, P-169. |
||
| 100 |
_aL.H, Martin _943297 |
||
| 245 | _aConcrete design to bs 8110 | ||
| 260 |
_aLondon _bEdward Arnold _c1989 |
||
| 300 |
_a482P.: _c50cm. |
||
| 526 |
_a0 _b0 _c0 _d624_183400000000000_MAR |
||
| 650 |
_aMCE _9379 |
||
| 942 |
_2ddc _cBK |
||
| 999 |
_c547120 _d547120 |
||